000 00850nam a2200229Ia 4500
003 GCL
008 140319s9999 xx 000 0 ara d
020 _a1065514977
040 _aGCL /
_cGCL
082 0 4 _a327.62
_bك ع
100 1 _aكوانت، وليام ب .
245 1 0 _aعملية السلام :
_bالدبلوماسية الامريكية والنزاع العربى الاسرائيلى منذ 1967 /
_cكوانت، وليام ب .
260 _aالقاهرة :
_bمركز الاهرام للترجمة والنشر ،
_c1994
300 _a592 ص ؛
_c24 سم
490 _a
650 0 4 _aمصر
650 0 4 _aالنزاع العربى الاسرائيلى
650 0 4 _aالولايات المتحدة الامريكية
650 0 4 _aالعلاقات الخارجية
650 0 4 _aالدبلوماسية
942 _2ddc
_cBK
999 _c31901
_d31901